|
|
|
|
| LEADER |
00620cam a2200181 7i4500 |
| 001 |
0000048185 |
| 005 |
20190422090000.0 |
| 020 |
|
|
|a 0749431512
|
| 090 |
0 |
0 |
|a HD7269.D37
|b A54 2000
|
| 100 |
1 |
|
|a Angell, Ian
|
| 245 |
1 |
4 |
|a The new barbarian manifesto :
|b how to survive the information age
|c Ian Angell.
|
| 260 |
|
|
|a London:
|b Kogan Page,
|c 200.
|
| 300 |
|
|
|a 280 p.
|
| 500 |
|
|
|a Gift: Zainol Ahmad Resource Center
|
| 650 |
0 |
0 |
|a Social change.
|
| 650 |
0 |
0 |
|a Computers --
|x Information Technology
|
| 999 |
|
|
|a 0000064193
|b BOK
|c OPEN SHELF
|e 1st Floor, Bestari Jaya
|
| 999 |
|
|
|a ZARC001691
|b BOK
|c OPEN SHELF
|e Zainol Ahmad Resource Center
|